00871nam a2200181 a 45000010005000000030009000050080041000140200015000550400028000700820014000981000017001122450015001292500007001442600040001513000015001915050468002066500015006742443CO-ViMGA141112s2004 ck r 000 u spa d a8479031328 aCO-ViMGAbspacCO-ViMGA04a150 M837p1 aMyers, David10aPsicologia a3a aBogotá : bPanAméricana, c1994 a655 p : il aIntroducción a la psicología Raíces biológicas de la conducta El niño en el proceso de desarrollo La adolescencia y la edad adulta La sensación La percepción Estados de conciencia El aprendizaje La memoria El pensamiento y el lenguaje La inteligencia La motivación La emoción La personalidad Transtornos psicológicos La terapia El estres y la salud La Psicológia social La diversidad social Estadistica, indice de nombres, indice analítico14aPSICOLOGIA